000 00299nam a2200109Ia 4500
008 171211s9999 xx 000 0 und d
245 _aAnimation: The Mechanics of Motion
245 _cChris Webster
260 _c2005
650 _xDrawing
856 _uhttp://down.ebook777.com/008/9780240516660.pdf
999 _c347998
_d347998